Smallest Countries A-Z - Statistics

General Stats
  • This quiz has been taken 44 times
  • The average score is 18 of 21
Answer Stats
Letter Area km.² Country % Correct
V <1 Vatican City
98%
H 27,560 Haiti
95%
J 10,830 Jamaica
95%
M 1 Monaco
95%
Z 386,850 Zimbabwe
95%
K 810 Kiribati
93%
L 160 Liechtenstein
93%
B 430 Barbados
90%
F 18,270 Fiji
90%
N 20 Nauru
90%
P 460 Palau
90%
S 60 San Marino
90%
T 30 Tuvalu
90%
A 440 Antigua and Barbuda
88%
G 340 Grenada
88%
D 750 Dominica
83%
R 24,670 Rwanda
80%
U 83,600 United Arab Emirates
78%
C 1,861 Comoros
76%
E 14,870 East Timor (Timor-Leste)
73%
I 21,640 Israel
71%
No matching quizzes found
Score Distribution
Percent of People with Each Score
Percentile by Number Answered
Your Score History
You have not taken this quiz